00486nam a22001577a 450000500170000001000150001702000260003203500140005803700090007208200080008110000180008924500820010726000430018927000760023230000200030820250609112521.0 aENG-145223 c695.00a9789383649013 aEN-128755 bDBAD a260 aWadva, Satjit aUnderstanding Japjee Sahib: bThe Essence of Guru Granth Sahib/cSatjit Wadva aNew DelhibKW Publishers Pvt Ltdc2014 bNew DelhiaKW Publishers Pvt Ltd;e110002k91 1143528107k91 1143528107 a141p.c19cm(hb)